| 000 -LEADER |
| fixed length control field |
01751 a2200205 4500 |
| 003 - CONTROL NUMBER IDENTIFIER |
| control field |
Nust |
| 005 - DATE AND TIME OF LATEST TRANSACTION |
| control field |
20230119180758.0 |
| 010 ## - LIBRARY OF CONGRESS CONTROL NUMBER |
| LC control number |
80022666 |
| 020 ## - INTERNATIONAL STANDARD BOOK NUMBER |
| International Standard Book Number |
007006718X : |
| 040 ## - CATALOGING SOURCE |
| Transcribing agency |
Nust |
| 082 00 - DEWEY DECIMAL CLASSIFICATION NUMBER |
| Classification number |
696,BOV |
| 245 00 - TITLE STATEMENT |
| Title |
Handbook of mechanical and electrical systems for buildings / |
| Statement of responsibility, etc. |
H.E. Bovay, Jr., editor in chief. |
| 260 ## - PUBLICATION, DISTRIBUTION, ETC. |
| Place of publication, distribution, etc. |
New York : |
| Name of publisher, distributor, etc. |
McGraw-Hill, |
| Date of publication, distribution, etc. |
c1981. |
| 300 ## - PHYSICAL DESCRIPTION |
| Extent |
Ca. 800 p. : |
| Other physical details |
ill. ; |
| Dimensions |
24 cm. |
| 505 ## - FORMATTED CONTENTS NOTE |
| Formatted contents note |
Boilers (Page-1-1), Fuel Burning Equipment (Page-2-1), Boiler Room Auxiliaries (Page-3-1), Fuels (Page-4-1), Large Building Air Conditioning Systems (Page-5-1), Refrigeration Equipment For Buildings (Page-6-1), Heating (Page-7-1), Temperature And Humidity Control (Page-8-1), Ventilation (Page-9-1), Air Filteration (Page-10-1), Odor Control (Page-11-1), Central Plant Facilities For Air Conditioning (Page-12-1), Centrifugal And Positive Displacement Pumps (Page-13-1), Fans (Page-14-1), Balancing And Testing (Page-15-1), Mechanical System Noise And Vibration Control (Page-16-1), Plumbing (Page-17-1), Water Supply And Conditioning (Page-18-1), Fire And Life Safety (Page-19-1), Alarm Systems (Page-20-1), Lighting (Page-21-1), High Voltage Distribution Systems (Page-22-1), Secondary Power Distribution Systems (Page-23-1), Electrical Service For Vertical Transportation Systems (Page-24-1), Communication Systems (Page-25-1), Lightning Protection (Page-26-1), Radiation Protection (Page-27-1), Metric Units In Engineering (Page-28-1), Energy Management (Page-29-1), Solar Energy (Page-30-1). |
| 650 #0 - SUBJECT ADDED ENTRY--TOPICAL TERM |
| Topical term or geographic name entry element |
Buildings |
| General subdivision |
Electric equipment |
| -- |
Handbooks, manuals, etc. |
| 9 (RLIN) |
107166 |
| 650 #0 - SUBJECT ADDED ENTRY--TOPICAL TERM |
| Topical term or geographic name entry element |
Buildings |
| General subdivision |
Mechanical equipment |
| -- |
Handbooks, manuals, etc. |
| 9 (RLIN) |
107167 |
| 700 1# - ADDED ENTRY--PERSONAL NAME |
| Personal name |
Bovay, Harry E. |
| 9 (RLIN) |
107168 |
| 942 ## - ADDED ENTRY ELEMENTS (KOHA) |
| Source of classification or shelving scheme |
|
| Koha item type |
Book |